000 01736nam0a2200385 4500
001 RU\NLR\bibl\1133801
005 20250615071857.0
010 _a5-9524-1650-0
_95000
021 _aRU
_b2007-54592
_92901
035 _a(nilc)EL/0000083758
035 _a(NLR Aleph) 001120698
090 _a1296211
_c1296211
100 _a20060920d2005 |||y0rusy50 ca
101 1 _arus
_ceng
102 _aRU
105 _aa |||||||||
200 1 _aДомашний настольный справочник по дрессировке собак
_fТомас А. Нотт, Долорес Оден Купер
_g[пер. с англ. Е.В. Нетесовой]
210 _aМосква
_cЦентрполиграф
_d2005
215 _a284,[1] с.
_cил.
_d21
225 1 _aРекомендации лучших специалистов
300 _aЗагл. и авт. ориг.: The Complete Handbook of Dog Training / Thomas A. Knott with Dolores Oden Cooper
454 0 _12001#$aThe Complete Handbook of Dog Training$fThomas A. Knott with Dolores Oden Cooper
_1700#1$aKnott$bT. A.$gThomas A$4070
_1701#1$aCooper$bD. O.$gDolores Oden$4070
_tThe Complete Handbook of Dog Training
_aKnott, Thomas A
606 1 _aСобаки
_jСправочники
_xДрессировка
_91282316
_3RU\NLR\auth\66211285
610 1 _aсобаки
610 1 _aдрессировка собак
686 _a46.72-5z22
_vLBC/RL
_2rubbk
686 _aП673-5я2
700 1 _aНотт
_bТ. А.
_gТомас
_4070
701 1 _aКупер
_bД. О.
_gДолорес Оден
_4070
801 1 _aRU
_bВладимирская ОУНБ
_c20060920
_gRCR
801 1 _aRU
801 2 _aRU
_bNLR
_c20070927
_grcr
942 _cBOOK
980 _aNB